| 000 | 01899cam a2200481 i 4500 | ||
|---|---|---|---|
| 999 |
_c8541 _d8541 |
||
| 001 | 20231548 | ||
| 003 | OSt | ||
| 005 | 20191104171522.0 | ||
| 008 | 150513s2014 ii b 000 0 eng d | ||
| 010 | _a 2017350062 | ||
| 020 |
_a9788184654554 _q(paperback) |
||
| 020 |
_a8184654553 _q(paperback) |
||
| 025 | _aI-E-2017350062 ; 68-15 ; 69-15 | ||
| 035 |
_a(OCoLC)909871184 _z(OCoLC)922072581 |
||
| 035 | _a(OCoLC)ocn909871184 | ||
| 037 | _bLibrary of Congress -- New Delhi Overseas Office | ||
| 040 |
_aDKAGE _beng _erda _cDKAGE _dOCLCO _dOCLCF _dOCLCO _dYDXCP _dOCLCQ _dOCLCA _dDLC |
||
| 042 |
_alccopycat _alcode |
||
| 043 | _aa-ii--- | ||
| 050 | 0 | 0 |
_aGN635.I4 _bF33 2014 |
| 082 | 0 | 4 |
_a305.8009541 _223 |
| 100 | 1 |
_aFachhai, Laiu, _eauthor. |
|
| 245 | 1 | 0 |
_aEthnic squeezing in Northeast India : _ba religio-political analysis / _cLaiu Fachhai. |
| 264 | 1 |
_aDelhi : _bISPCK, _c2014. |
|
| 300 |
_ax, 131 pages ; _c22 cm |
||
| 336 |
_atext _btxt _2rdacontent |
||
| 337 |
_aunmediated _bn _2rdamedia |
||
| 338 |
_avolume _bnc _2rdacarrier |
||
| 504 | _aIncludes bibliographical references (pages 127-131). | ||
| 650 | 0 |
_aIndigenous peoples _zIndia, Northeastern _xEthnic identity. |
|
| 650 | 0 |
_aEthnicity _xReligious aspects _xChristianity. |
|
| 650 | 0 |
_aEthnicity _xPolitical aspects _zIndia, Northeastern. |
|
| 650 | 0 |
_aForced migration _zIndia, Northeastern. |
|
| 650 | 7 |
_aAliens. _2fast _0(OCoLC)fst00805278 |
|
| 650 | 7 |
_aEthnicity _xPolitical aspects. _2fast _0(OCoLC)fst00916047 |
|
| 650 | 7 |
_aEthnicity _xReligious aspects _xChristianity. _2fast _0(OCoLC)fst00916055 |
|
| 650 | 7 |
_aIndigenous peoples _xEthnic identity. _2fast _0(OCoLC)fst00970230 |
|
| 651 | 7 |
_aIndia, Northeastern. _2fast _0(OCoLC)fst01692634 |
|
| 710 | 2 |
_aI.S.P.C.K. (Organization), _eissuing body. |
|
| 906 |
_a7 _bcbc _ccopycat _d3 _encip _f20 _gy-gencatlg |
||
| 942 |
_2ddc _cBK |
||